Opera omnia. Vol. 6

Main Author: Kepler, Johannes, 1571-1630
Language: Latin
Published: Frankfurt, 1866
Book
Saved in:
LEADER 00508nam a22001812a 4500
001 000413003
003 CZ BrMZK
005 19980105143423.0
007 ta
008 980105d18661966gw f lat d
040 |a BOA001  |b cze 
100 1 |a Kepler, Johannes,  |d 1571-1630  |7 jn19990004274 
245 1 0 |a Opera omnia.  |n Vol. 6 
260 |a Frankfurt,  |c 1866 
910 |a BOA001  |b 3-0054.020,6 
990 |a BK 
993 |a Y 
996 6 |b 2619794037  |c 3-0054.020,6  |l MZK  |r Sklad / do 1 hodiny  |n 1  |w 000413003  |u 000010  |a 1  |e BOA001  |j MZK50  |s P